Animals Domesticated for Transport - Statistics

General Stats
  • This quiz has been taken 42 times
    34 since last reset
  • The average score is 11 of 14
Answer Stats
Hint Animals % Correct
Man's Best Friend Dog
100%
Cowboys rode them Horse
100%
Lawrence of Arabia rode them Camel
97%
World's largest bird Ostrich
91%
Santa's transport Reindeer
91%
Lil' Bo Peep lost hers Sheep
84%
One named Flipper had a TV show Dolphin
78%
Hannibal rode them Elephant
75%
South American pack animal Llama
75%
Shaggy bovine used in Tibet for its milk, meat, and hide Yak
75%
Large bovid originating in the Indian subcontinent, Southeast Asia, and China Water Buffalo
66%
Bullwinkle is one Moose
56%
An adult castrated male of cattle Ox
53%
World's oldest domesticated bird Pigeon
50%
No matching quizzes found
Score Distribution
Percent of People with Each Score
Percentile by Number Answered
Your Score History
You have not taken this quiz since the last reset